01120nam a2200253 a 450000100100000000500170001000800410002702000180006804000250008608200170011110000270012824501070015526000410026230000190030350000320032259000260035465000500038065000240043065000290045495201300048395201150061395201210072899900170084900004812420260224100502.0181119s2015 dr a 000 0 spa d a9789945167078 aDO-SdBNPbspacBNPHU a649.1bO96de1 aOvalle, Lucía92136810aDesarrolle su potencial de padre y madre :bpautas para criar mejores hijos e hijas /cLucía Ovalle. aSanto Domingo :bBúho,c2015.bil. av. : ;c21 cm. aLa biblioteca posee el v. 2 aInventariado, 2018/LP 4aPaternidad (psicología)xEnseñanza922240 4aPadres e hijos9796 0aCrianza de niños94212 001054708DSaGRbGRcHDd2018-11-19iLF1l0o649.1 O96dep48124-30r2020-06-25te. 3w2020-06-25yLFDSZPréstamo en sala 0010718PDaPDbPDcHDd2018-11-19iLF1l0o649.1 O96dep48124-10r2020-06-25w2020-06-25yLFPDZNo se presta 0010718PDaPDbPDcHDd2018-11-19iLF1l0o649.1 O96dep48124-20r2020-06-25te. 2w2020-06-25yLFPDZNo se presta c47612d47612